000 00615nam a2200229Ia 4500
003 OSt
005 20220918220236.0
006 a|||||r|||| 00| 0
007 ta
008 220917b |||||||| |||| 00| 0 eng d
024 _a145,311
037 _cTextual
040 _aARTS
_cARTS
_beng
041 _2eng
_aeng
082 _aY176591, F6(906)
100 _aMigeod Frederick William Hugh
_9136993
245 0 _aView of Sierra Leone
260 _aNA
_bNA
_c1926
650 _aSOCIOLOGY
942 _hY176591, F6(906)
_cTEXL
_2CC
999 _c268118
_d268118